000 00636nam a2200181 a 4500
001 000040428
005 20201002034126.0
008 130823s2003 mx 000 0 spa d
020 _a9703201407
100 1 _aArmenta López, Leonel A.
_966721
245 1 3 _aLa controversia constitucional /
_cLeonel A. Armenta López.
260 _aMéxico :
_bUniversidad Nacional Autónoma de México,
_c2003.
300 _a9 p. ;
_c21 cm.
490 1 _aLectura jurídicas
_aEstudios jurídicos
_v11
710 2 _aUniversidad Nacional Autónoma de México
_942447
830 0 _aLectura jurídicas
_aEstudios jurídicos
_v11
_966718
999 _c39918
_d39918
040 _aDO-SdBNP